| 000 | 00000nam##2200000za#4500 |
| 001 | 9.571721 |
| 003 | CaOODSP |
| 005 | 20210624182851 |
| 007 | cr ||||||||||| |
| 008 | 150406|2000||||xxc|||||o f|0| 0 eng|d |
| 040 | |aCaOODSP|beng |
| 043 | |an-cn--- |
| 086 | 1 |aNH18-23/51E-PDF |
| 110 | 2 |aCanada Mortgage and Housing Corporation. |
| 245 | 10|aLong-term outlook on the demand for mortgages in Canada |h[electronic resource] |
| 260 | |aOttawa - Ontario : |bCanada Mortgage and Housing Corporation |cNovember 2000. |
| 300 | |a4p.|bgraphs |
| 490 | 1 |aResearch highlight. Socio-economic series |v51 |
| 590 | |a11-22-Supp|b2011-10-13 |
| 690 | 07|aMortgage loans|2gcpds |
| 690 | 07|aDemand|2gcpds |
| 690 | 07|aHousing|2gcpds |
| 690 | 07|aMarkets|2gcpds |
| 775 | 08|tPerspectives à long terme de la demande de prêts hypothécaires au Canada |w(CaOODSP)9.602147 |
| 776 | 0#|tLong-term outlook on the demand for mortgages in Canada |w(CaOODSP)9.615525 |
| 830 | #0|aResearch highlight. Socio-economic series ;|v51|w(CaOODSP)9.505168 |
| 856 | 40|ahttp://publications.gc.ca|qPDF|s90 KB|uhttps://publications.gc.ca/collections/Collection/NH18-23-51E.pdf|y51 |